| 000 | 00347nam a2200133Ia 4500 | ||
|---|---|---|---|
| 005 | 20260328101450.0 | ||
| 008 | 260328s9999||||xx |||||||||||||| ||und|| | ||
| 100 | _aRiba Jorge Ricardo | ||
| 245 | 0 |
_aMemorias de Urbanismo y otros escritos / _cRiba Jorge Ricardo |
|
| 260 | _bUniversal Books | ||
| 300 | _a344 p. | ||
| 650 | _aURBANISMO | ||
| 942 | _cBK | ||
| 999 |
_c8638 _d8638 |
||